Guess the 'O' Things in 3 Words Quiz Stats

 Plays Quiz not verified by Sporcle

Support Sporcle.
Go Orange.
Score 0/30 Timer 03:00
1 Play Today
% Correct
Oprah
90.2%
Oliver
88.6%
Octo
87.8%
Opal
85.6%
Outlook
85.3%
Ottawa
84.4%
Oyl
83%
Odyssey
82.7%
Or
77.7%
Oscar
76.6%
Once
76.3%
Ontario
75.2%
Onomatopoeia
74.9%
Odious
74.3%
Oasis
71.2%
% Correct
Odd
70.9%
Odie
69.3%
Omen
68.8%
Opel
62.4%
Ogden
61.7%
Orr
55.5%
Otto
54.1%
Opie
53.2%
Ozark
51.5%
Oedipus
47.3%
Otis
46.9%
Orvis
30.1%
Orpheus
28.4%
Opus
27.5%
Orcus
11.5%

You're not logged in!

Compare scores with friends on all Sporcle quizzes.
OR
Log In

From the Vault

Figure Out the Lyrics: TV Theme III

by NaturalChemical

Television is often a mystery to us.
Remove Ads.
Support Sporcle.
Get the best of Sporcle when you Go Orange. This ad-free experience offers more features, more stats, and more fun while also helping to support Sporcle. Thank you for becoming a member.

Show Comments

Extras

Top Quizzes Today


Score Distribution

Your Account Isn't Verified!

In order to create a playlist on Sporcle, you need to verify the email address you used during registration. Go to your Sporcle Settings to finish the process.

Report this User

Report this user for behavior that violates our Community Guidelines.

Details: